Basic engineering circuit analysis (Record no. 60141)

000 -LEADER
fixed length control field 00651nam a22002057a 4500
003 - CONTROL NUMBER IDENTIFIER
control field NUST-PNEC
005 - DATE AND TIME OF LATEST TRANSACTION
control field 20170114142542.0
008 - FIXED-LENGTH DATA ELEMENTS--GENERAL INFORMATION
fixed length control field 140518b xxu||||| |||| 00| 0 eng d
020 ## - INTERNATIONAL STANDARD BOOK NUMBER
International Standard Book Number 9780471407409
040 ## - CATALOGING SOURCE
Transcribing agency PNEC
082 ## - DEWEY DECIMAL CLASSIFICATION NUMBER
Classification number 621.3192 IRW
100 ## - MAIN ENTRY--PERSONAL NAME
9 (RLIN) 23
Personal name Irwin David J
245 ## - TITLE STATEMENT
Title Basic engineering circuit analysis
Statement of responsibility, etc. J. David Irwin
250 ## - EDITION STATEMENT
Edition statement 7th ed.
260 ## - PUBLICATION, DISTRIBUTION, ETC.
Name of publisher, distributor, etc. Wiley
Date of publication, distribution, etc. c.2001
300 ## - PHYSICAL DESCRIPTION
Extent 704 p. :
Other physical details ill. :
Dimensions 26 cm
500 ## - GENERAL NOTE
General note Includes Index http://www.amazon.com/Basic-Engineering-Circuit-Analysis-7th/dp/0471407402/ref=sr_1_1?s=books&ie=UTF8&qid=1400409485&sr=1-1&keywords=9780471407409
650 ## - SUBJECT ADDED ENTRY--TOPICAL TERM
General subdivision EE
942 ## - ADDED ENTRY ELEMENTS (KOHA)
Source of classification or shelving scheme
Koha item type Book
Holdings
Withdrawn status Lost status Source of classification or shelving scheme Damaged status Not for loan Permanent Location Current Location Date acquired Source of acquisition Total Checkouts Full call number Barcode Date last seen Date last checked out Price effective from Koha item type
          Pakistan Navy Engineering College (PNEC) Pakistan Navy Engineering College (PNEC) 10/30/2012 Donated 1 621.3192 IRW PNECBB-007032 03/07/2015 03/03/2015 10/30/2012 Book
© 2023 Central Library, National University of Sciences and Technology. All Rights Reserved.